000 00392 a2200169 4500
001 191651
020 _a978-85-16-09683-0
040 _cMagnum
100 _aCarrasco, Walcyr
240 1 0 _aPequenos delitos e outras crônicas
_lpor
245 1 0 _aPequenos delitos e outras crônicas
300 _a110
362 0 _a2015
440 1 _aModerna
697 _aLITERATURA GERAL
942 _cBK
999 _c191651
_d191651